[Event "Vlissingen HZ op 21st"]
[Site "Vlissingen"]
[Date "2017.08.11"]
[Round "8"]
[White "Ackermann, Frank"]
[Black "Lammens, Tim"]
[Result "1/2-1/2"]
[WhiteElo "2009"]
[BlackElo "2304"]
[PlyCount "90"]
[EventDate "2017.08.05"]
[EventType "swiss"]
[EventRounds "9"]
[EventCountry "NED"]
[SourceTitle "CBM 179 Extra"]
[Source "ChessBase"]
[SourceDate "2017.08.23"]
[SourceVersion "1"]
[SourceVersionDate "2017.08.23"]
[SourceQuality "1"]

1. d4 Nf6 2. Nf3 g6 3. c4 Bg7 4. Nc3 0-0 5. e4 d6 6. Be2 Bg4 7. 0-0 Nc6 8. Be3 Nd7 9. Ne1 Bxe2 10. Nxe2 Na5 11. Rc1 c5 12. Qd2 cxd4 13. Nxd4 Ne5 14. b3 Ng4 15. Bg5 Nc6 16. Nec2 a6 17. Rcd1 Qc7 18. h3 Nf6 19. Rfe1 Rab8 20. Qe2 Qa5 21. Qd2 Qxd2 22. Rxd2 h6 23. Bh4 Rfc8 24. Bg3 Nd7 25. Red1 Nxd4 26. Nxd4 b5 27. cxb5 axb5 28. Re2 Ne5 29. Nc2 Nc6 30. Ne3 Kf8 31. Nd5 Ke8 32. f3 Bd4+ 33. Bf2 Bc5 34. Kf1 Ne5 35. Red2 Ra8 36. Re2 Bxf2 37. Kxf2 Ra7 38. Rdd2 Rc1 39. Rc2 Rxc2 40. Rxc2 Kd7 41. Ke3 Rb7 42. Nb4 f5 43. f4 Nf7 44. exf5 gxf5 45. g4 fxg4 1/2-1/2

[Event "Ruhrgebiet Regionalliga 1112"]
[Site "Nordrheinwestfalen"]
[Date "2012.05.06"]
[Round "9.5"]
[White "Ackermann, Frank"]
[Black "Voss, Wieland"]
[Result "1/2-1/2"]
[WhiteElo "2007"]
[BlackElo "2117"]
[PlyCount "21"]
[EventDate "2011.09.25"]
[EventType "team-tourn"]
[EventRounds "9"]
[EventCountry "GER"]
[SourceTitle "EXT 2020"]
[Source "ChessBase"]
[SourceDate "2019.10.17"]
[SourceVersion "1"]
[SourceVersionDate "2019.10.17"]
[SourceQuality "1"]
[WhiteTeam "Oberhausen SV II"]
[BlackTeam "Wattenscheid SV III"]
[WhiteTeamCountry "GER"]
[BlackTeamCountry "GER"]

1. d4 Nf6 2. Nf3 g6 3. c4 Bg7 4. Nc3 d5 5. Qb3 dxc4 6. Qxc4 0-0 7. e4 c6 8. Qb3 Qb6 9. Bc4 Qxb3 10. Bxb3 b6 11. 0-0 1/2-1/2

[Event "Ruhrgebiet Regionalliga 1112"]
[Site "Nordrheinwestfalen"]
[Date "2012.01.15"]
[Round "6.5"]
[White "Boehm, Malte"]
[Black "Ackermann, Frank"]
[Result "1/2-1/2"]
[WhiteElo "1963"]
[BlackElo "2007"]
[PlyCount "33"]
[EventDate "2011.09.25"]
[EventType "team-tourn"]
[EventRounds "9"]
[EventCountry "GER"]
[SourceTitle "EXT 2020"]
[Source "ChessBase"]
[SourceDate "2019.10.17"]
[SourceVersion "1"]
[SourceVersionDate "2019.10.17"]
[SourceQuality "1"]
[WhiteTeam "Brackel SF"]
[BlackTeam "Oberhausen SV II"]
[WhiteTeamCountry "GER"]
[BlackTeamCountry "GER"]

1. Nf3 c5 2. g3 Nc6 3. Bg2 g6 4. 0-0 Bg7 5. c4 e6 6. e3 Nge7 7. Nc3 0-0 8. d4 cxd4 9. Nxd4 Nxd4 10. exd4 d5 11. cxd5 Nxd5 12. Nxd5 exd5 13. Qb3 Be6 14. Qxb7 Bxd4 15. Bf4 Qb6 16. Bxd5 Bxd5 17. Qxd5 1/2-1/2

[Event "Ruhrgebiet Regionalliga 1112"]
[Site "Nordrheinwestfalen"]
[Date "2011.10.23"]
[Round "2.4"]
[White "Schaller, Torsten"]
[Black "Ackermann, Frank"]
[Result "1/2-1/2"]
[WhiteElo "2002"]
[BlackElo "2007"]
[PlyCount "24"]
[EventDate "2011.09.25"]
[EventType "team-tourn"]
[EventRounds "9"]
[EventCountry "GER"]
[SourceTitle "EXT 2020"]
[Source "ChessBase"]
[SourceDate "2019.10.17"]
[SourceVersion "1"]
[SourceVersionDate "2019.10.17"]
[SourceQuality "1"]
[WhiteTeam "Welper SV"]
[BlackTeam "Oberhausen SV II"]
[WhiteTeamCountry "GER"]
[BlackTeamCountry "GER"]

1. e4 c5 2. Nf3 d6 3. d4 cxd4 4. Nxd4 Nf6 5. Nc3 a6 6. Bc4 e6 7. Bb3 Be7 8. f4 Qc7 9. Qf3 Nc6 10. Be3 Bd7 11. 0-0 0-0 12. Rae1 Na5 1/2-1/2

[Event "Moehnesee Cup-A 37th"]
[Site "Moehnesee"]
[Date "2011.09.02"]
[Round "2"]
[White "Fluechter, Gregor"]
[Black "Ackermann, Frank"]
[Result "1/2-1/2"]
[WhiteElo "1832"]
[BlackElo "2088"]
[PlyCount "34"]
[EventDate "2011.09.01"]
[EventType "swiss"]
[EventRounds "7"]
[EventCountry "GER"]
[SourceTitle "EXT 2013"]
[Source "ChessBase"]
[SourceDate "2012.11.22"]
[SourceVersion "1"]
[SourceVersionDate "2012.11.22"]
[SourceQuality "1"]

1. e4 c5 2. Nf3 Nc6 3. c3 d5 4. exd5 Qxd5 5. d4 Bg4 6. Be2 e6 7. 0-0 cxd4 8. cxd4 Nf6 9. Nc3 Qa5 10. Qb3 Qb4 11. Bg5 Qxb3 12. axb3 Be7 13. Ra4 0-0 14. Ne5 Nxe5 15. dxe5 Bxe2 16. Nxe2 Nd5 17. Bxe7 Nxe7 1/2-1/2

[Event "Hamburg St Pauli op-A"]
[Site "Hamburg"]
[Date "2010.07.12"]
[Round "3"]
[White "Mitscherling, Andreas"]
[Black "Ackermann, Frank"]
[Result "0-1"]
[WhiteElo "2237"]
[BlackElo "2064"]
[PlyCount "92"]
[EventDate "2010.07.10"]
[EventType "swiss"]
[EventRounds "9"]
[EventCountry "GER"]
[SourceTitle "EXT 2013"]
[Source "ChessBase"]
[SourceDate "2012.11.22"]
[SourceVersion "1"]
[SourceVersionDate "2012.11.22"]
[SourceQuality "1"]

1. d4 d5 2. Nf3 Nf6 3. c4 c6 4. e3 e6 5. Nc3 Nbd7 6. Bd3 dxc4 7. Bxc4 b5 8. Bd3 Bb7 9. 0-0 a6 10. e4 c5 11. d5 Qc7 12. dxe6 fxe6 13. Ng5 Qc6 14. Qe2 h6 15. Nh3 0-0-0 16. f3 Ne5 17. Bc2 g5 18. Nf2 Bd6 19. a4 b4 20. Ncd1 Rdg8 21. Ne3 h5 22. Nc4 Bc7 23. Rd1 g4 24. Kh1 Nxc4 25. Qxc4 gxf3 26. gxf3 Ng4 27. fxg4 hxg4 28. Kg1 Bxh2+ 29. Kg2 Be5 30. Be3 Rh2+ 31. Kf1 a5 32. Qxc5 Qxc5 33. Bxc5 g3 34. Ke2 gxf2 35. Rf1 Rgg2 36. Bd3 Bxb2 37. Rab1 Bc3 38. Bb6 Rg3 39. Bxa5 Rxd3 40. Kxd3 Ba6+ 41. Ke3 Bxf1 42. Rxf1 Be1 43. Kd4 Rh5 44. e5 Kb7 45. Bd8 b3 46. Kd3 Rh3+ 0-1

[Event "Ruhrgebiet VL2 0910"]
[Site "Germany"]
[Date "2010.01.31"]
[Round "6.6"]
[White "Kneip, Karl"]
[Black "Ackermann, Frank"]
[Result "0-1"]
[WhiteElo "1776"]
[BlackElo "2055"]
[PlyCount "72"]
[EventDate "2009.09.06"]
[EventType "team-tourn"]
[EventRounds "9"]
[EventCountry "GER"]
[SourceTitle "EXT 2011"]
[Source "ChessBase"]
[SourceDate "2010.11.26"]
[SourceVersion "1"]
[SourceVersionDate "2010.11.26"]
[SourceQuality "1"]
[WhiteTeam "Horst Emscher II"]
[BlackTeam "Oberhausen II"]
[WhiteTeamCountry "GER"]
[BlackTeamCountry "GER"]

1. e4 c5 2. Nf3 Nc6 3. c3 d5 4. exd5 Qxd5 5. Be2 e5 6. d3 Bf5 7. 0-0 0-0-0 8. c4 Qd7 9. Na3 Bxd3 10. Bxd3 Qxd3 11. Qa4 Be7 12. Be3 Nf6 13. Nb5 a6 14. Nc3 Qf5 15. h3 g5 16. Ne2 g4 17. Ng3 Qd7 18. Rad1 Qc7 19. Ng5 Bd6 20. Qc2 h6 21. Qf5+ Kb8 22. Qxf6 hxg5 23. Nf5 Nd4 24. Nxd6 Qxd6 25. Qxd6+ Rxd6 26. Bxd4 Rxd4 27. Rxd4 cxd4 28. hxg4 Kc7 29. g3 Kd6 30. Kg2 Kc5 31. b3 d3 32. Kf3 Kd4 33. Rd1 Rh2 34. Re1 f6 35. Re4+ Kc3 36. Ke3 Rh1 0-1

[Event "Ruhrgebiet VL2 0910"]
[Site "Germany"]
[Date "2009.12.06"]
[Round "4.6"]
[White "Kreul, Helmut"]
[Black "Ackermann, Frank"]
[Result "1/2-1/2"]
[WhiteElo "2114"]
[BlackElo "2055"]
[PlyCount "31"]
[EventDate "2009.09.06"]
[EventType "team-tourn"]
[EventRounds "9"]
[EventCountry "GER"]
[SourceTitle "EXT 2011"]
[Source "ChessBase"]
[SourceDate "2010.11.26"]
[SourceVersion "1"]
[SourceVersionDate "2010.11.26"]
[SourceQuality "1"]
[WhiteTeam "Bottrop"]
[BlackTeam "Oberhausen II"]
[WhiteTeamCountry "GER"]
[BlackTeamCountry "GER"]

1. d4 d5 2. Nf3 Nf6 3. c4 c6 4. Nc3 e6 5. e3 Nbd7 6. Qc2 Bd6 7. Bd3 dxc4 8. Bxc4 0-0 9. 0-0 e5 10. Bd3 Qe7 11. Bd2 Re8 12. Ng5 h6 13. Nge4 Bc7 14. Rfe1 Bb6 15. Na4 Bc7 16. Nac3 1/2-1/2

[Event "Oberhausen op"]
[Site "Oberhausen"]
[Date "2008.03.21"]
[Round "2"]
[White "Henrichs, Thomas"]
[Black "Ackermann, Frank"]
[Result "1-0"]
[WhiteElo "2481"]
[BlackElo "2090"]
[PlyCount "49"]
[EventDate "2008.03.20"]
[EventType "swiss"]
[EventRounds "7"]
[EventCountry "GER"]
[SourceTitle "CBM 123 Extra"]
[Source "ChessBase"]
[SourceDate "2008.05.06"]
[SourceVersion "1"]
[SourceVersionDate "2008.05.06"]
[SourceQuality "1"]

1. d4 d5 2. c4 c6 3. Nf3 Nf6 4. Nc3 e6 5. Bg5 dxc4 6. e4 b5 7. e5 h6 8. Bh4 g5 9. Nxg5 hxg5 10. Bxg5 Nbd7 11. exf6 Bb7 12. g3 c5 13. d5 Qb6 14. Bg2 0-0-0 15. 0-0 b4 16. Rb1 Qa6 17. dxe6 Bxg2 18. e7 Bxf1 19. Qd5 Bxe7 20. fxe7 Rdg8 21. Ne4 Bd3 22. Nd6+ Qxd6 23. Qxd6 Rg6 24. Qd5 Rxg5 25. Qc6+ 1-0

[Event "Oberhausen op"]
[Site "Oberhausen"]
[Date "2007.04.08"]
[Round "5"]
[White "Schleining, Zoya"]
[Black "Ackermann, Frank"]
[Result "1-0"]
[WhiteElo "2366"]
[BlackElo "2086"]
[PlyCount "39"]
[EventDate "2007.04.05"]
[EventType "swiss"]
[EventRounds "7"]
[EventCountry "GER"]
[SourceTitle "CBM 117 Extra"]
[Source "ChessBase"]
[SourceDate "2007.05.09"]
[SourceVersion "1"]
[SourceVersionDate "2007.05.09"]
[SourceQuality "1"]

1. Nf3 d5 2. c4 c6 3. e3 Nf6 4. Nc3 e6 5. d4 Nbd7 6. Qc2 Bd6 7. g4 h6 8. h3 Qe7 9. Bd2 dxc4 10. Bxc4 b5 11. Be2 Bb7 12. 0-0-0 Rc8 13. e4 e5 14. dxe5 Nxe5 15. Nd4 b4 16. Nf5 bxc3 17. Bxc3 Nd3+ 18. Bxd3 Bf4+ 19. Kb1 Qf8 20. e5 1-0

[Event "Oberhausen op 11th"]
[Site "Oberhausen"]
[Date "2006.04.14"]
[Round "2.2"]
[White "Henrichs, Thomas"]
[Black "Ackermann, Frank"]
[Result "0-1"]
[WhiteElo "2462"]
[BlackElo "2078"]
[PlyCount "86"]
[EventDate "2006.04.13"]
[EventType "swiss"]
[EventRounds "7"]
[EventCountry "GER"]
[SourceTitle "CBM 111 Extra"]
[Source "ChessBase"]
[SourceDate "2006.05.09"]
[SourceVersion "1"]
[SourceVersionDate "2006.05.09"]
[SourceQuality "1"]

1. c4 c6 2. d4 d5 3. Nc3 Nf6 4. Nf3 e6 5. e3 Nbd7 6. Qc2 Bd6 7. Bd3 dxc4 8. Bxc4 e5 9. 0-0 0-0 10. Bb3 Qe7 11. Bd2 e4 12. Ng5 Bxh2+ 13. Kxh2 Ng4+ 14. Kg1 Qxg5 15. Qxe4 Qh4 16. Qf4 g5 17. Qd6 Nde5 18. Qxe5 Nxe5 19. dxe5 Be6 20. Bc2 Rad8 21. Ne4 Kg7 22. Be1 Qh5 23. Bb4 Rfe8 24. Rac1 Bd5 25. Ng3 Qg4 26. Bc3 Kf8 27. Bxh7 Ke7 28. Rfd1 Be6 29. f3 Qa4 30. b3 Qa3 31. Ne4 Rxd1+ 32. Rxd1 Rd8 33. Nd6 b6 34. Bb1 Qc5 35. Bd4 Qa3 36. e4 Qa6 37. Be3 Qe2 38. Bxg5+ Kd7 39. Rf1 Rg8 40. f4 Qe3+ 41. Rf2 Qe1+ 42. Rf1 Qe3+ 43. Rf2 Rh8 0-1

[Event "Moehnesee Cup-A"]
[Site "Moehnesee"]
[Date "2005.08.20"]
[Round "4"]
[White "Ackermann, Frank"]
[Black "Wagner, Christian"]
[Result "1/2-1/2"]
[WhiteElo "2084"]
[BlackElo "2252"]
[PlyCount "51"]
[EventDate "2005.08.18"]
[EventType "swiss"]
[EventRounds "7"]
[EventCountry "GER"]
[SourceTitle "CBM 108 Extra"]
[Source "ChessBase"]
[SourceDate "2005.11.04"]
[SourceVersion "1"]
[SourceVersionDate "2005.11.04"]
[SourceQuality "1"]

1. d4 e6 2. Nf3 Nf6 3. c4 b6 4. g3 Bb7 5. Bg2 Be7 6. 0-0 0-0 7. d5 exd5 8. Nh4 c6 9. cxd5 Nxd5 10. Nf5 Nc7 11. e4 d5 12. Nc3 Bf6 13. Bf4 g6 14. Nh6+ Kh8 15. Bxc7 Qxc7 16. exd5 c5 17. Re1 Qd8 18. Ng4 Bd4 19. Qc2 Na6 20. a3 Qg5 21. Ne3 Rae8 22. Nc4 Nc7 23. Rxe8 Nxe8 24. d6 Bxg2 25. Kxg2 Qd8 26. Nb5 1/2-1/2

[Event "Bad Zwesten op 9th"]
[Site "Bad Zwesten"]
[Date "2005.01.08"]
[Round "9"]
[White "Huettemann, Ralf"]
[Black "Ackermann, Frank"]
[Result "1-0"]
[WhiteElo "1954"]
[BlackElo "2098"]
[PlyCount "99"]
[EventDate "2005.01.02"]
[EventType "swiss"]
[EventRounds "9"]
[EventCountry "GER"]
[SourceTitle "CBM 104 Extra"]
[Source "ChessBase"]
[SourceDate "2005.03.01"]
[SourceVersion "1"]
[SourceVersionDate "2005.03.01"]
[SourceQuality "1"]

1. e4 g6 2. d4 Bg7 3. c3 d6 4. f4 c6 5. Bd3 Nf6 6. Nf3 0-0 7. 0-0 Nbd7 8. e5 Nd5 9. Ng5 N7b6 10. a4 a5 11. Na3 h6 12. Ne4 Qc7 13. Bd2 Bd7 14. Nc2 c5 15. Ng3 e6 16. exd6 Qc8 17. c4 Nb4 18. Nxb4 Bxd4+ 19. Kh1 cxb4 20. Qg4 Bg7 21. Rac1 Nxa4 22. b3 Nc5 23. Bc2 Qc6 24. f5 exf5 25. Qf4 Ne6 26. Qf2 Qxd6 27. Bxf5 Qc5 28. Be3 Bd4 29. Bxe6 Bxe3 30. Bxf7+ Kh7 31. Qf6 Qg5 32. Bxg6+ Qxg6 33. Qe7+ Qg7 34. Qxe3 Bc6 35. Rfe1 Rf7 36. Re2 Re8 37. Qd3+ Qg6 38. Qxg6+ Kxg6 39. Rxe8 Bxe8 40. Re1 Bc6 41. Kg1 Rd7 42. Re6+ Kh7 43. Nf5 Rd3 44. Rxh6+ Kg8 45. g4 Rxb3 46. g5 a4 47. g6 Be8 48. g7 Rb1+ 49. Kf2 Bf7 50. Rh8# 1-0

[Event "Bad Zwesten op 9th"]
[Site "Bad Zwesten"]
[Date "2005.01.04"]
[Round "4"]
[White "Ackermann, Frank"]
[Black "Stabolewski, Andreas"]
[Result "0-1"]
[WhiteElo "2098"]
[BlackElo "2227"]
[PlyCount "110"]
[EventDate "2005.01.02"]
[EventType "swiss"]
[EventRounds "9"]
[EventCountry "GER"]
[SourceTitle "CBM 104 Extra"]
[Source "ChessBase"]
[SourceDate "2005.03.01"]
[SourceVersion "1"]
[SourceVersionDate "2005.03.01"]
[SourceQuality "1"]

1. e4 c5 2. Nc3 e6 3. Nf3 a6 4. d4 cxd4 5. Nxd4 b5 6. Be2 Bb7 7. Bf3 Nc6 8. 0-0 Nxd4 9. Qxd4 Ne7 10. Re1 Nc6 11. Qe3 Ne5 12. Be2 Rc8 13. Qg3 f6 14. f4 Nf7 15. Kh1 Qa5 16. Be3 b4 17. Nd5 exd5 18. exd5 Bxd5 19. Rad1 Be6 20. f5 Qxf5 21. Bxa6 Ra8 22. Bb7 Rd8 23. Bb6 Qb5 24. Qc7 Qxb6 25. Qxb6 Be7 26. Rxe6 dxe6 27. Rxd8+ Nxd8 28. c4 bxc3 29. bxc3 Nxb7 30. Qxb7 Kf7 31. a4 Rd8 32. g3 Rd1+ 33. Kg2 Ra1 34. Qb5 Bd8 35. Qd7+ Be7 36. c4 Rc1 37. Qb5 Rc2+ 38. Kh3 g5 39. Qb3 Rd2 40. a5 h5 41. g4 Bd6 42. Qb7+ Ke8 43. gxh5 f5 44. Qh1 g4+ 45. Kh4 Rxh2+ 46. Qxh2 Bxh2 47. h6 Kd7 48. c5 Kc6 49. a6 Be5 50. h7 g3 51. Kh3 f4 52. Kg2 Bh8 53. Kf3 e5 54. Kg2 e4 55. Kg1 f3 0-1

[Event "Dortmund op-A"]
[Site "Dortmund"]
[Date "2003.08.04"]
[Round "4"]
[White "Ackermann, Frank"]
[Black "Schriewer, Thomas"]
[Result "1/2-1/2"]
[WhiteElo "2103"]
[BlackElo "1796"]
[PlyCount "52"]
[EventDate "2003.08.01"]
[EventType "swiss"]
[EventRounds "9"]
[EventCountry "GER"]
[SourceTitle "CBM 095 Extra"]
[Source "ChessBase"]
[SourceDate "2003.09.04"]
[SourceVersion "1"]
[SourceVersionDate "2003.09.04"]
[SourceQuality "1"]

1. e4 c5 2. Nc3 Nc6 3. f4 d6 4. Nf3 g6 5. Bc4 Nf6 6. 0-0 Bg7 7. d3 0-0 8. Qe1 Nd4 9. Nxd4 cxd4 10. Ne2 Qb6 11. h3 Qc5 12. f5 d5 13. exd5 Nxd5 14. fxg6 hxg6 15. Bxd5 Qxd5 16. Qh4 Qc5 17. Bg5 Qxc2 18. Nf4 f6 19. Nxg6 Rf7 20. Nxe7+ Rxe7 21. Bxf6 Rf7 22. Bxg7 Rxg7 23. Qd8+ Kh7 24. Rf2 Rxg2+ 25. Rxg2 Qxg2+ 26. Kxg2 Bxh3+ 1/2-1/2

[Event "Duisburg op 10th"]
[Site "Duisburg"]
[Date "2003.06.09"]
[Round "5"]
[White "Ksieski, Zbigniew"]
[Black "Ackermann, Frank"]
[Result "1-0"]
[WhiteElo "2385"]
[BlackElo "2120"]
[PlyCount "59"]
[EventDate "2003.06.07"]
[EventType "swiss"]
[EventRounds "7"]
[EventCountry "GER"]
[SourceTitle "EXT 2004"]
[Source "ChessBase"]
[SourceDate "2003.11.25"]
[SourceVersion "1"]
[SourceVersionDate "2003.11.25"]
[SourceQuality "1"]

1. d4 d5 2. c4 c6 3. Nc3 Nf6 4. e3 e6 5. Bd3 dxc4 6. Bxc4 Nbd7 7. Nf3 b5 8. Bd3 Bb7 9. 0-0 a6 10. e4 c5 11. d5 Qc7 12. dxe6 fxe6 13. b3 0-0-0 14. Qe2 Bd6 15. Be3 Ng4 16. g3 Nde5 17. Nxe5 Nxe5 18. Rad1 h5 19. Bg5 Be7 20. Bxe7 Qxe7 21. Qe3 Ng4 22. Qc1 h4 23. Qf4 Nxh2 24. Kxh2 g5 25. Qe5 hxg3+ 26. Kxg3 Rh4 27. Bxb5 axb5 28. Nxb5 Ba6 29. Rxd8+ Qxd8 30. Qxc5+ 1-0